000
00252nam a2200097Ia 4500
008
220204s9999 xx 000 0 und d
082
_a
658.2
_b
SMA
245
0
_a
Small ventures: Tactics and strategies
260
_a
USA
_b
Harward College
_c
1978
942
_c
BK
999
_c
37211
_d
37211